En la cartuja de Valldemosa con el pintor Enrique Ochoa (Record no. 171461)

MARC details
000 -LEADER
campo de control de longitud fija 00611nam a22001935i 4500
001 - NÚMERO DE CONTROL
campo de control 171461
003 - IDENTIFICADOR DE NÚMERO DE CONTROL
campo de control ES-MaACL
005 - FECHA Y HORA DE LA ÚLTIMA TRANSACCIÓN
campo de control 20250728144753.0
008 - DATOS DE LONGITUD FIJA--INFORMACIÓN GENERAL
campo de control de longitud fija 090518s1973 sp |||| | spa d
080 ## - NÚMERO DE LA CLASIFICACIÓN DECIMAL UNIVERSAL
Número de la Clasificación Decimal Universal 821.134.2-94"19"
080 ## - NÚMERO DE LA CLASIFICACIÓN DECIMAL UNIVERSAL
Número de la Clasificación Decimal Universal 75 Ochoa, Enrique
100 1# - ENTRADA PRINCIPAL--NOMBRE DE PERSONA
Nombre de persona Sola, Mariano.
9 (RLIN) 140183
245 10 - MENCIÓN DEL TÍTULO
Título En la cartuja de Valldemosa con el pintor Enrique Ochoa
Resto del título : (hombres y paisajes) /
Mención de responsabilidad, etc. Mariano Sola.
260 ## - PUBLICACIÓN, DISTRIBUCIÓN, ETC.
Lugar de publicación, distribución, etc. [Albacete :
Nombre del editor, distribuidor, etc. El Castillo,
Fecha de publicación, distribución, etc. 1973]
300 ## - DESCRIPCIÓN FÍSICA
Extensión 267 p. ;
Dimensiones 22 cm.
600 14 - PUNTO DE ACCESO ADICIONAL DE MATERIA--NOMBRE DE PERSONA
Nombre de persona Ochoa, Enrique,
Fechas asociadas al nombre 1890-1978
9 (RLIN) 86475
852 ## - LOCALIZACIÓN
Ubicación ES-MaACL
Número de control de estantería C-52343
itemnumber R.85809
Holdings
Estatus retirado Estado de pérdida Estado de daño No para préstamo Biblioteca de origen Biblioteca actual Ubicación en estantería Fecha de adquisición Fuente de adquisición Total de préstamos Signatura topográfica completa Código de barras Visto por última vez Precio de reemplazo Tipo de ítem Koha
        Biblioteca del Ateneo de Madrid Biblioteca del Ateneo de Madrid Depósito 2 18/05/2009     C-52343 1179937 23/02/2023 23/02/2023 Libro impreso